• 首页
  • 本馆介绍
  • 公告通知
  • 最新文献
  • 馆藏检索
  • 电子资源
  • 读者导购
  • 参考咨询
  • 我的图书馆
  • 登录
  • 详细信息显示
  • 放入我的书架
  • 预约/预借图书
  • 作者相关作品
  • 分类相关作品
  • 丛书相关作品
  • 出版社相关作品

书目信息

  • 表格格式
  • 工作单格式
  • 卡片格式
题名:
欧洲优秀电视节目模式解析
    
 
作者: 刘昶 , 甘露 , 黄慰汕 著
分册:  
出版信息: 北京   中国广播电视出版社  2010
页数: 271页
开本: 25cm
丛书名:
单 册:
中图分类: G222.3 , G229.5
科图分类:
主题词: 电视节目--模式--研究--欧洲 , 电视节目 , 模式
电子资源:
ISBN: 978-7-5043-6180-6
000 01327nam0 2200301 45
001 1132105171
005 20110314084735.96
010    @a978-7-5043-6180-6@dCNY40.00
100    @a20110122d2010 em y0chiy50 ea
101 0  @achi
102    @aCN@b110000
105    @aa z 000yy
106    @ar
200 1  @a欧洲优秀电视节目模式解析@AOu Zhou You Xiu Dian Shi Jie Mu Mo Shi Jie Xi@dStudy on the European TV format@f刘昶,甘露,黄慰汕著@FLiu Chang, Gan Lu, Huang Wei Shan Zhu@zeng
210    @a北京@c中国广播电视出版社@d2010
215    @a271页@c图,照片@d25cm
330    @a本书选择欧美主要是欧洲近年来热播和有影响的节目模式进行研究。他们从英、法、德、荷、意、西、比利时、瑞典等8个国家的纪实类、真实类、青少类、新闻类和益智及综艺类等5大节目种类中收集了一批有代表性并获得成功的优秀电视节目模式,除了一般性介绍之外,还加以解析和评论,部分个案还结合中国电视市场的特点进行有针对性的分析,有些个案还涉及节目的营销和与网络媒体的互动等。
510 1  @aStudy on the European TV format@zeng
606 0  @a电视节目@x模式@x研究@y欧洲
606 0  @a电视节目
606 0  @a模式
690    @aG222.3@v4
690    @aG229.5@v4
701  0 @a刘昶@ALiu Chang@c(新闻传播)@4著
701  0 @a甘露@AGan Lu@c(新闻学)@4著
701  0 @a黄慰汕@AHuang Wei Shan@4著
801  0 @aCN@bTANGWEI@c20110314
905    @b0532673-76@dG222.3@e129@f4
    
    欧洲优秀电视节目模式解析=Study on the European TV format/刘昶,甘露,黄慰汕著.-北京:中国广播电视出版社,2010
    271页:图,照片;25cm
    
    
    ISBN 978-7-5043-6180-6:CNY40.00
    本书选择欧美主要是欧洲近年来热播和有影响的节目模式进行研究。他们从英、法、德、荷、意、西、比利时、瑞典等8个国家的纪实类、真实类、青少类、新闻类和益智及综艺类等5大节目种类中收集了一批有代表性并获得成功的优秀电视节目模式,除了一般性介绍之外,还加以解析和评论,部分个案还结合中国电视市场的特点进行有针对性的分析,有些个案还涉及节目的营销和与网络媒体的互动等。
●
相关链接 在E读中查询图书 在五车中查询图书 在当当中查询图书 在豆瓣中查询图书


正题名:欧洲优秀电视节目模式解析     索取号:G222.3/129         预约/预借

序号 登录号 条形码 馆藏地/架位号 状态 备注
1 0532673   205326734   第一样本阅览室/ [索取号:G222.3/129] 在馆    
2 0532674   205326743   第四借阅区/ [索取号:G222.3/129] 在馆    
3 0532675   205326752   密集书库-文学院/ [索取号:G222.3/129] 在馆    
4 0532676   205326761   第四借阅区/ [索取号:G222.3/129] 在馆    
唐山师范学院图书馆 欢迎您!
大连网信软件有限公司© 版权所有